000 00411nam a2200157Ia 4500
008 230917s9999||||xx |||||||||||||| ||und||
040 _e204370
_aMAIN
041 _aEnglish
082 _a551.48 RI26H(2)
100 _aRaghunath, H M
245 0 _aHydrology: Principles, analysis and design
250 _a2nd ed.
260 _aNew Delhi
_bNew Age International
_c2011
300 _axii, 463 p.
942 _cBK
999 _c172943
_d172943